000 00813nam a2200205Ia 4500
003 0
005 20250131073317.0
008 150126s9999 xx 000 0 und d
050 _aPHS TD 193
_b.D291 2014
100 _aDe Castro, Leonides Crispino D.
245 4 _aThe use of banana (Musa acuminata) and coconut (Cocos nucifera) madribs as biosorbent /
_cLeonides Crispino D. De Castro.
260 _aLas PiƱas City, Philippines :
_bSouthville International School and Colleges,
_c2014.
300 _a26 pages :
_billustration ;
_c28 cm.
504 _aIncludes bibliographical references.
650 _aWater purification
_vAdsorption methods.
650 _aBanana plants
_vIndustrial uses.
650 _aCoconut
_vWaste utilization.
650 _aBiosorption
_vEnvironmental applications.
942 _2lcc
_cPASS
999 _c278677
_d278677